Building geometry and drawing (Record no. 78924)
[ view plain ]
| 000 -LEADER | |
|---|---|
| fixed length control field | 01349nam a2200229 a 4500 |
| 008 - FIXED-LENGTH DATA ELEMENTS--GENERAL INFORMATION | |
| fixed length control field | 120416s1985 ||||||||||||||||| || u |
| 020 ## - INTERNATIONAL STANDARD BOOK NUMBER | |
| International Standard Book Number | 0582410797 |
| 050 ## - LIBRARY OF CONGRESS CALL NUMBER | |
| Classification number | T 355 Hil |
| 100 ## - MAIN ENTRY--PERSONAL NAME | |
| Personal name | Hilton, Frank |
| 245 10 - TITLE STATEMENT | |
| Title | Building geometry and drawing |
| 250 ## - EDITION STATEMENT | |
| Edition statement | metric ed. |
| 260 ## - PUBLICATION, DISTRIBUTION, ETC. | |
| Place of publication, distribution, etc. | London |
| Name of publisher, distributor, etc. | Longman |
| Date of publication, distribution, etc. | 1985 |
| 300 ## - PHYSICAL DESCRIPTION | |
| Extent | [v], 168p. : ill. |
| 350 ## - | |
| -- | 0.00 |
| 650 ## - SUBJECT ADDED ENTRY--TOPICAL TERM | |
| Topical term or geographic name entry element | STRUCTURAL DRAWING |
| 995 ## - | |
| -- | MAIN LIBRARY OPEN ACCESS |
| -- | 0.00 |
| -- | 714203 |
| -- | CBU-MAIN LIBRARY (Kitwe) |
| -- | 2 |
| -- | 4.95 |
| -- | T 355 Hil |
| -- | 1 |
| -- | AVAILABLE |
| -- | 013724 |
| -- | Main Library Open Access Collection |
| 995 ## - | |
| -- | ANNEX COLLECTION (Main Library) |
| -- | 0.00 |
| -- | 714202 |
| -- | CBU-MAIN LIBRARY (Kitwe) |
| -- | 5 |
| -- | 4.95 |
| -- | T 355 Hil |
| -- | 3 |
| -- | AVAILABLE |
| -- | 013726 |
| -- | Annex Low-Usage Collection |
| 995 ## - | |
| -- | ANNEX COLLECTION (Main Library) |
| -- | 0.00 |
| -- | 709652 |
| -- | CBU-MAIN LIBRARY (Kitwe) |
| -- | 4 |
| -- | 4.95 |
| -- | T 355 Hil |
| -- | 5 |
| -- | AVAILABLE |
| -- | 013728 |
| -- | Annex Low-Usage Collection |
| 995 ## - | |
| -- | ANNEX COLLECTION (Main Library) |
| -- | 0.00 |
| -- | 714201 |
| -- | CBU-MAIN LIBRARY (Kitwe) |
| -- | 6 |
| -- | 4.95 |
| -- | T 355 Hil |
| -- | 4 |
| -- | AVAILABLE |
| -- | 013727 |
| -- | Annex Low-Usage Collection |
| 995 ## - | |
| -- | ANNEX COLLECTION (Main Library) |
| -- | 0.00 |
| -- | 714204 |
| -- | CBU-MAIN LIBRARY (Kitwe) |
| -- | 3 |
| -- | 4.95 |
| -- | T 355 Hil |
| -- | 6 |
| -- | AVAILABLE |
| -- | 013729 |
| -- | Annex Low-Usage Collection |
| 995 ## - | |
| -- | MAIN LIBRARY OPEN ACCESS |
| -- | 0.00 |
| -- | 714856 |
| -- | CBU-MAIN LIBRARY (Kitwe) |
| -- | 1 |
| -- | 4.95 |
| -- | T 355 Hil |
| -- | 2 |
| -- | AVAILABLE |
| -- | 013725 |
| -- | Main Library Open Access Collection |
| 999 ## - | |
| -- | 78924 |
| -- | 78924 |
No items available.